header

Situating the feminist gaze and spectatorship in postwar cinema (Record no. 58736)

MARC details
000 -LEADER
fixed length control field 01233nam a2200313Ia 4500
245 00 - TITLE STATEMENT
Title Situating the feminist gaze and spectatorship in postwar cinema
260 ## - PUBLICATION, DISTRIBUTION, ETC. (IMPRINT)
Place of publication Newcastle upon Tyne :
Name of publisher Cambridge Scholars,
Year of publication 2008.
300 ## - PHYSICAL DESCRIPTION
Number of Pages lxii, 319 p.
650 #0 - SUBJECT ADDED ENTRY--TOPICAL TERM
Topical Term Feminist film criticism.
Topical Term Feminism and motion pictures.
700 1# - ADDED ENTRY--PERSONAL NAME
Personal name Block, Marcelline.
856 40 - ELECTRONIC LOCATION AND ACCESS
Uniform Resource Identifier http://site.ebrary.com/lib/rucke/Doc?id=10676969

No items available.

© 2026 Rongo University
Contact us: librarian | system librarian | Rongo university